Transformers Marvel Comics Trivia - Statistics

General Stats
  • This quiz has been taken 13 times
  • The average score is 9 of 25
Answer Stats
Hint Answer % Correct
Original leader of the autobots Optimus Prime
89%
Transformer planet Cybertron
78%
Chief medical officer of the autobots Ratchet
78%
Megatron's usurper Shockwave
56%
The chaos bringer Unicron
56%
Creator of the transformers Primus
44%
Goldbug's close associate Blaster
33%
Leader of the Mayhem Attack Squad Bludgeon
33%
The ____ matrix Creation
33%
Megatron's weapon Fusion Cannon
33%
The head of Scorponok Lord Zarak
33%
Headmaster planet Nebulos
33%
Autobot detective Nightbeat
33%
Chief decepticon fuel auditor Ratbat
33%
Decepticon governor of Polyhex Straxus
33%
Fort Max's headmaster before spike Galen
22%
Unliked leader of the autobots Grimlock
22%
The only g1 combiner not in the comics Monstructor
22%
Writer for the last 25 issues Simon Furman
22%
Starscream's planet-killing artifact The Underbase
22%
Decepticon matrix wielder Thunderwing
22%
The cure for scraplets Water
22%
Writer for the first 55 issues Bob Budianski
11%
Darkwing and Dreadwind's powermasters Hi-Test and Throttle
11%
Ravage falls down a ______ Mineshaft
11%
No matching quizzes found
Score Distribution
Percent of People with Each Score
Percentile by Number Answered
Your Score History
You have not taken this quiz